LEADER 01588nam0 22003491i 450 001 UON00417446 005 20231205104807.251 010 $a978-88-7870-496-1 100 $a20130205f2010 |0itac50 ba 101 $aita 102 $aIT 105 $a|||| 1|||| 200 1 $aAttraversamenti$el'attore nel Novecento e l'interazione fra le arti$eatti del Convegno internazionale, Università degli Studi di Salerno, 12-13 dicembre 2005$fa cura di Silvana Sinisi, Isabella Innamorati e Marco Pistoia 210 $aRoma$cBulzoni$dc2010 215 $a298 p.$cill.$d21 cm 316 $aFondi di Ricerca Prof. Mango$5IT-UONSI Teat792 CSIN/04 410 1$1001UON00003845$12001 $aBiblioteca Teatrale$v159 606 $aAttori$xSec. 20.$xCongressi$3UONC083389$2FI 606 $aCONGRESSI E CONVEGNI INTERNAZIONALI$xSalerno$x12-13 dicembre 2005$3UONC083388$2FI 606 $aTeatro e Cinematografo- Congressi$3UONC083390$2FI 620 $aIT$dRoma$3UONL000004 676 $a792.028092$cTeatro. Recitazione ed esecuzione. Persone$v21 702 1$aINNAMORATI$bIsabella$3UONV132406 702 1$aPISTOIA$bMarco$3UONV213486 702 1$aSINISI$bSilvana$3UONV149991 712 $aBulzoni$3UONV265597$4650 801 $aIT$bSOL$c20250919$gRICA 899 $aSIBA - SISTEMA BIBLIOTECARIO DI ATENEO$2UONSI 912 $aUON00417446 950 $aSIBA - SISTEMA BIBLIOTECARIO DI ATENEO$dSI Teat 792 C SIN 04 $eSI 3786 7 04 Fondi di Ricerca Prof. Mango 996 $aAttraversamenti$9626939 997 $aUNIOR LEADER 02838nam 22006135 450 001 9910254036203321 005 20251230065536.0 010 $a3-319-48762-0 024 7 $a10.1007/978-3-319-48762-5 035 $a(CKB)3710000001006639 035 $a(DE-He213)978-3-319-48762-5 035 $a(MiAaPQ)EBC5592246 035 $a(PPN)197455026 035 $a(EXLCZ)993710000001006639 100 $a20161205d2016 u| 0 101 0 $aeng 135 $aurnn|008mamaa 181 $ctxt$2rdacontent 182 $cc$2rdamedia 183 $acr$2rdacarrier 200 10$a1st International Conference on 3D Materials Science, 2012 $eConference Proceedings /$fedited by Marc De Graef, Henning Friis Poulsen, Alexis Lewis, Jeff Simmons, George Spanos 205 $a1st ed. 2016. 210 1$aCham :$cSpringer International Publishing :$cImprint: Springer,$d2016. 215 $a1 online resource (XIII, 242 p.) 225 1 $aThe Minerals, Metals & Materials Series,$x2367-1696 300 $aIncludes index. 311 08$a3-319-48573-3 330 $aAddressing a critical growth area in materials science, this volume features papers presented at the 2012 International Conference on 3D Materials Science, organized by The Minerals, Metals & Materials Society (TMS). With the top researchers in the world assessing the state-of-the-art within the various elements of three-dimensional materials science, this collection provides the premier forum for authoritative presentations on all aspects of the science, including characterization, visualization, quantitative analysis, modeling, and investigation of structure-property relationships of materials. 410 0$aThe Minerals, Metals & Materials Series,$x2367-1696 606 $aBuilding materials 606 $aMaterials$xAnalysis 606 $aMaterials 606 $aStructural Materials 606 $aCharacterization and Analytical Technique 606 $aMaterials Engineering 615 0$aBuilding materials. 615 0$aMaterials$xAnalysis. 615 0$aMaterials. 615 14$aStructural Materials. 615 24$aCharacterization and Analytical Technique. 615 24$aMaterials Engineering. 676 $a620.11 702 $aDe Graef$b Marc$4edt$4http://id.loc.gov/vocabulary/relators/edt 702 $aFriis Poulsen$b Henning$4edt$4http://id.loc.gov/vocabulary/relators/edt 702 $aLewis$b Alexis$4edt$4http://id.loc.gov/vocabulary/relators/edt 702 $aSimmons$b Jeff$4edt$4http://id.loc.gov/vocabulary/relators/edt 702 $aSpanos$b George$4edt$4http://id.loc.gov/vocabulary/relators/edt 801 0$bMiAaPQ 801 1$bMiAaPQ 801 2$bMiAaPQ 906 $aBOOK 912 $a9910254036203321 996 $a1st International Conference on 3D Materials Science, 2012$92524150 997 $aUNINA LEADER 05358nam 2200697Ia 450 001 9911019418903321 005 20251116150710.0 010 $a9786610723461 010 $a9781280723469 010 $a1280723467 010 $a9783527608560 010 $a3527608567 010 $a9783527608515 010 $a3527608516 035 $a(CKB)1000000000326916 035 $a(EBL)482260 035 $a(OCoLC)609855570 035 $a(SSID)ssj0000308925 035 $a(PQKBManifestationID)11227236 035 $a(PQKBTitleCode)TC0000308925 035 $a(PQKBWorkID)10276855 035 $a(PQKB)10370673 035 $a(MiAaPQ)EBC482260 035 $a(PPN)24196010X 035 $a(Perlego)2774591 035 $a(EXLCZ)991000000000326916 100 $a20060712d2006 uy 0 101 0 $aeng 135 $aur|n|---||||| 181 $ctxt 182 $cc 183 $acr 200 00$aScanning probe microscopies beyond imaging $emanipulation of molecules and nanostructures /$fedited by Paolo Samori 210 $aWeinheim $cWiley-VCH$d2006 215 $a1 online resource (570 p.) 300 $aDescription based upon print version of record. 311 08$a9783527312696 311 08$a3527312692 320 $aIncludes bibliographical references and index. 327 $aScanning Probe Microscopies Beyond Imaging; Foreword; Contents; Preface; List of Authors; Part I Scanning Tunneling Microscopy-Based Approaches; Nanoscale Structural, Mechanical and Electrical Properties; 1 Chirality in 2D; 1.1 Introduction; 1.2 Chirality and STM: From 0D to 2D; 1.2.1 Determination of Absolute Chirality; 1.2.2 Expression of 2D Chirality by Enantiopure Molecules; 1.2.3 Racemic Mixture of Chiral Molecules; 1.2.4 Achiral Molecules; 1.2.5 Systems with Increased Complexity; 1.2.6 Multicomponent Systems; 1.2.6.1 Mixed Systems; 1.2.6.2 Cocrystals 327 $a1.2.7 Chemisorption versus Physisorption1.2.8 The Effect of Molecular Adsorption on Substrates: Toward Chiral Substrates; 1.2.9 Chirality and AFM; 1.3 Conclusion; Acknowledgements; References; 2 Scanning Tunneling Spectroscopy of Complex Molecular Architectures at Solid/Liquid Interfaces: Toward Single-Molecule Electronic Devices; 2.1 Introduction; 2.2 STM/STS of Molecular Adsorbates; 2.3 An Early Example of STS at the Solid/Liquid Interface; 2.4 Ultrahigh Vacuum versus Solid/Liquid Interface; 2.5 Probing ?-Coupling at the Single-Molecule Level by STS 327 $a2.6 Molecular Diodes and Prototypical Transistors2.7 Conclusions; Acknowledgements; References; 3 Molecular Repositioning to Study Mechanical and Electronic Properties of Large Molecules; 3.1 Introduction; 3.2 Specially Designed Molecules; 3.3 STM-Induced Manipulation; 3.3.1 Manipulation of Single Atoms; 3.3.2 Repositioning of Molecules at Room Temperature; 3.3.3 Manipulation in Constant Height Mode; 3.4 Mechanical Properties: Controlled Manipulation of Complex Molecules; 3.5 Inducing Conformational Changes: A Route to Molecular Switching; 3.6 The Role of the Substrate 327 $a3.7 Electronic Properties: Investigation of the Molecule-Metal Contact3.8 Perspectives; Acknowledgements; References; 4 Inelastic Electron Tunneling Microscopy and Spectroscopy of Single Molecules by STM; 4.1 Introduction; 4.1.1 Working Principle; 4.2 Experimental Results; 4.2.1 C(60) on Ag(110); 4.2.2 C(6)H(6) on Ag(110); 4.3 Theory; 4.3.1 Extension of Tersoff-Hamman Theory to IETS-STM; 4.3.2 Some Model Systems; 4.3.3 Acetylene Molecules on Cu(100); 4.3.4 Oxygen Molecules on Ag(110); 4.3.5 Ammonia Molecules on Cu(100); 4.4 Conclusion; References 327 $aPart II Scanning Force Microscopy-Based ApproachesPatterning; 5 Patterning Organic Nanostructures by Scanning Probe Nanolithography; 5.1 Importance of Patterning Organic Nanostructures; 5.2 Direct Patterning of Organic Thin Films; 5.2.1 Fabrication of Nanostructures by a Local Modification; 5.2.1.1 Nanorecording for Memory Storage; 5.2.1.2 Local Probe Photolithography; 5.2.1.3 Nanorubbing; 5.2.2 Self-Organization of Molecular Nanostructures Triggered by SPM; 5.3 Assembly of Organic Structures on Nanofabricated Patterns; 5.3.1 Replacement Nanolithography on Self-Assembly Monolayers (SAMs) 327 $a5.3.2 Template Growth of Molecular Nanostructures 330 $aThis first book to focus on the use of SPMs to actively manipulate molecules and nanostructures on surfaces goes way beyond conventional treatments of scanning microscopy merely for imaging purposes. It reviews recent progress in the use of SPMs on such soft materials as polymers, with a particular emphasis on chemical discrimination, mechanical properties, tip-induced reactions and manipulations, as well as their nanoscale electrical properties. Detailing the practical application potential of this hot topic, this book is of great interest to specialists of wide-ranging disciplines, including 606 $aScanning probe microscopy 606 $aMicroscopy 615 0$aScanning probe microscopy. 615 0$aMicroscopy. 676 $a502.82 686 $a33.03$2bcl 686 $a51.30$2bcl 701 $aSamori?$b Paolo$01839530 801 0$bMiAaPQ 801 1$bMiAaPQ 801 2$bMiAaPQ 906 $aBOOK 912 $a9911019418903321 996 $aScanning probe microscopies beyond imaging$94418789 997 $aUNINA